<?xml version="1.0" encoding="UTF-8"?><?xml-stylesheet type="text/xsl" href="static/style.xsl"?><OAI-PMH xmlns="http://www.openarchives.org/OAI/2.0/" xmlns:xsi="http://www.w3.org/2001/XMLSchema-instance" xsi:schemaLocation="http://www.openarchives.org/OAI/2.0/ http://www.openarchives.org/OAI/2.0/OAI-PMH.xsd"><responseDate>2026-04-29T02:37:57Z</responseDate><request verb="GetRecord" identifier="oai:repisalud.isciii.es:20.500.12105/26686" metadataPrefix="marc">https://repisalud.isciii.es/rest/oai/request</request><GetRecord><record><header><identifier>oai:repisalud.isciii.es:20.500.12105/26686</identifier><datestamp>2025-12-18T12:58:36Z</datestamp><setSpec>com_20.500.12105_2203</setSpec><setSpec>com_20.500.12105_2202</setSpec><setSpec>col_20.500.12105_19585</setSpec></header><metadata><record xmlns="http://www.loc.gov/MARC21/slim" xmlns:dcterms="http://purl.org/dc/terms/" xmlns:doc="http://www.lyncode.com/xoai" xmlns:xsi="http://www.w3.org/2001/XMLSchema-instance" xsi:schemaLocation="http://www.loc.gov/MARC21/slim http://www.loc.gov/standards/marcxml/schema/MARC21slim.xsd">
   <leader>00925njm 22002777a 4500</leader>
   <datafield ind2=" " ind1=" " tag="042">
      <subfield code="a">dc</subfield>
   </datafield>
   <datafield ind2=" " ind1=" " tag="720">
      <subfield code="a">Instituto de Salud Carlos III. Gabinete de prensa</subfield>
      <subfield code="e">author</subfield>
   </datafield>
   <datafield ind2=" " ind1=" " tag="260">
      <subfield code="c">2025-04-10</subfield>
   </datafield>
   <datafield ind2=" " ind1=" " tag="520">
      <subfield code="a">El Instituto de Salud Carlos III (ISCIII) ha celebrado las primeras jornadas de comunicación interna SOMOS ISCIII, en las que los diferentes centros, unidades y áreas de trabajo del Instituto han presentado su labor y han compartido conocimientos para seguir favoreciendo el trabajo conjunto. Estas jornadas, divididas en dos sesiones -una en el Campus de Chamartín y otra en el Campus de Majadahonda- siguen la senda de iniciativas pasadas como Conociendo el ISCIII, que buscan impulsar y optimizar la cooperación entre grupos de investigación del Instituto. La primera sesión de las jornadas, celebrada en el Campus de Chamartín de Madrid, contó con tres sesiones: las dos primeras se dedicaron a la investigación financiada en convocatorias intramurales del Instituto y a proyectos financiados en convocatorias nacionales e internacionales, y en ellas investigadoras e investigadores del Instituto expusieron diferentes líneas de investigación biomédica y sanitaria. La segunda sesión de SOMOS ISCIII, se ha celebrado en el Campus de Majadahonda y se ha centrado en la prestación de servicios científico-técnicos en el Instituto, con el papel de la cartera de servicios que ofrece el ISCIII, los programas de vigilancia y el servicio de alertas. También han tenido protagonismo diferentes centros de investigación del ISCIII y los programas transversales.</subfield>
   </datafield>
   <datafield ind1="8" ind2=" " tag="024">
      <subfield code="a">Nota de prensa y noticia publicada el 10/04/2025</subfield>
   </datafield>
   <datafield ind1="8" ind2=" " tag="024">
      <subfield code="a">https://hdl.handle.net/20.500.12105/26686</subfield>
   </datafield>
   <datafield tag="653" ind2=" " ind1=" ">
      <subfield code="a">Instituto de Salud Carlos III</subfield>
   </datafield>
   <datafield tag="653" ind2=" " ind1=" ">
      <subfield code="a">Jornadas SOMOS ISCIII</subfield>
   </datafield>
   <datafield ind2="0" ind1="0" tag="245">
      <subfield code="a">Las primeras jornadas SOMOS ISCIII refuerzan el trabajo colaborativo entre todas las áreas y el personal del Instituto</subfield>
   </datafield>
</record></metadata></record></GetRecord></OAI-PMH>